Quality management : (Record no. 1304)

MARC details
000 -LEADER
fixed length control field 00862cam a2200253 a 4500
005 - DATE AND TIME OF LATEST TRANSACTION
control field 20260322212055.0
008 - FIXED-LENGTH DATA ELEMENTS--GENERAL INFORMATION
fixed length control field data
010 ## - LIBRARY OF CONGRESS CONTROL NUMBER
LC control number 98051539
020 ## - INTERNATIONAL STANDARD BOOK NUMBER
International Standard Book Number 0130116386 (casebound)
020 ## - INTERNATIONAL STANDARD BOOK NUMBER
International Standard Book Number 9780130116383 (casebound)
040 ## - CATALOGING SOURCE
Original cataloging agency DLC
Transcribing agency DLC
Modifying agency DLC
-- DLC
050 00 - LIBRARY OF CONGRESS CALL NUMBER
Classification number HD62.15
Item number .G64 2000
082 00 - DEWEY DECIMAL CLASSIFICATION NUMBER
Classification number 658.4/013
Edition information 21
001 - CONTROL NUMBER
control field data
100 1# - MAIN ENTRY--PERSONAL NAME
Personal name Goetsch, David L.
245 10 - TITLE STATEMENT
Title Quality management :
Remainder of title introduction to total quality management for production, processing, and services /
Statement of responsibility, etc. David L. Goetsch & Stanley Davis.
250 ## - EDITION STATEMENT
Edition statement 3rd ed.
260 ## - PUBLICATION, DISTRIBUTION, ETC.
Place of publication, distribution, etc. Upper Saddle River, NJ :
Name of publisher, distributor, etc. Prentice Hall,
Date of publication, distribution, etc. 2000.
300 ## - PHYSICAL DESCRIPTION
Extent xvii, 778 p. :
Other physical details ill. ;
Dimensions 25 cm.
500 ## - GENERAL NOTE
General note Rev. ed. of: Introduction to total quality. 1997.
504 ## - BIBLIOGRAPHY, ETC. NOTE
Bibliography, etc. note Includes bibliographical references and index.
650 #0 - SUBJECT ADDED ENTRY--TOPICAL TERM
Topical term or geographic name entry element Total quality management.
700 1# - ADDED ENTRY--PERSONAL NAME
Personal name Davis, Stanley,
Dates associated with a name 1931-
Holdings
Withdrawn status Lost status Damaged status Not for loan Home library Current library Shelving location Date acquired Total checkouts Full call number Barcode Date last seen Price effective from Koha item type
        Springfield Springfield General stacks 22/03/2026   658.4/013 21 BC0011347 22/03/2026 22/03/2026 Books